000
00312nam a22001337a 4500
008
181219b xxu||||| |||| 00| 0 eng d
020
_a
9780939765737
041
_a
eng
080
_a
510
100
_a
36
101
_a
MAT
245
_a
Concepts in Algebra A Technological Approach
_c
Fey,J.T
942
_2
udc
_c
BK
999
_c
53519
_d
53519